Top 30 des jeux mobiles les plus populaires en France - Statistiques

Statistiques générales
  • Ce quiz a été pris 77 fois
  • Le résultat moyen est 8 sur 30
Statistiques - réponses
Top Jeux Mobiles % Correct
3 Clash of Clans
81%
1 Clash Royale
72%
2 Brawl Stars
63%
4 Candy Crush Saga
61%
6 Subway Surfers
59%
7 Pokémon GO
39%
30 Jetpack Joyride
33%
10 PUBG Mobile
33%
15 Fortnite Mobile
30%
26 Temple Run
30%
17 Angry Birds
28%
13 Call of Duty Mobile
28%
20 Fruit Ninja
28%
5 Roblox
25%
9 Among Us
23%
23 Geometry Dash
23%
21 Hay Day
22%
12 FIFA Mobile
19%
14 Minecraft
17%
19 Genshin Impact
13%
25 Mario Kart Tour
13%
16 Monopoly GO!
9%
29 Chess
5%
8 Coin Master
5%
27 Dragon Ball Legends
5%
28 Mobile Legends
3%
18 8 Ball Pool
2%
11 Stumble Guys
2%
22 Bloons TD 6
0%
24 Hill Climb Racing
0%
Aucun quiz correspondant
Distribution des résultats
% des personnes avec chaque résultat
Percentile par nombre de réponses
Votre historique - résultats
Vous n’avez pas pris ce quiz